Post-imperial Europe: Integration through Disintegration
| Titel: | Post-imperial Europe: Integration through Disintegration / Vladimir Biti |
|---|---|
| Verfasser: | |
| In: |
European review, Band 28, Heft 1 (2020), Seite 62-75 alle Artikel anzeigen |
| Veröffentlicht: | 2020 |
| Format: | Aufsatz |
| Sprache: | Englisch |
X
alg: 52329547 001A $03025:07-11-24 001B $03025:07-11-24 $t12:05:13.000 001D $03025:07-11-24 001U $0utf8 001X $00 002@ $0Oou 002C $aText $btxt $2rdacontent 002D $aComputermedien $bc $2rdamedia 002E $aOnline-Ressource $bcr $2rdacarrier 003@ $0523295472 009Q $uhttps://doi.org/10.1017/S1062798719000279 $xVolltext 010@ $aeng 010E $erda 011@ $a2020 021A $aPost-imperial Europe: Integration through Disintegration $hVladimir Biti 028A $BVerfasser $4aut $7123293146 $8Biti, Vladimir$Z1952- [Tp3] $9154246417 031A $d28 $e1 $h62-75 $j2020 039B $aEnthalten in $8--Obvc--. European review. - Cambridge : Cambridge Univ. Press, 1993-. - Online-Ressource. - ISSN 1474-0575 $x202000000280001938 $9098734202 044K $RMitteleuropa $RVisegrád-Staaten $ROsteuropa $#Ostmitteleuropa $#Ostmitteleuropa $#Mitteleuropa, Ost $#Central Europe Ostmitteleuropa $#Mittelosteuropa $74075753-5 $8Ostmitteleuropa [Tg1] $9085214485 044K $RWeltkrieg $#World War, 1914-1918 $#Guerre mondiale (1914-1918) $#Weltkrieg 1914-1918 $#1. Weltkrieg $#I. Weltkrieg $#Weltkrieg I $74079163-4 $8Erster Weltkrieg [Tsz] $9085224588 044K $#Reconstruction (1939-1951) $#Reconstruction d'après-guerre (2e guerre mondiale) $#Reconstrucción, 1939-1951 $#Nachkriegszeit $#Nachkriegszeit $74421423-6 $8Nachkriegszeit [Ts1] $9088659844 044K $RPolitischer Konflikt $RInternationale Politik $#Relations internationales $#internationaler Konflikt $74162071-9 $8Internationaler Konflikt [Ts1] $9085714259 044K $#Integration $#Soziale Desintegration $74338880-2 $8Desintegration$gSoziologie [Ts1] $9088142175 044K $RNationalbewegung $RNationalbewusstsein $RPatriotismus $#Nationalism $#Nationalisme $#Nacionalismo $#Nationalismus $#Nationalismus $74041300-7 $8Nationalismus [Ts1] $9085113069 045F $a900.94370904 $eDDC23BSB 045F/01 $a900 045F/03 $f0904 045F/03 $g437 045R $aGeschichte 1918-1940 lok: 52329547 78 exp: 52329547 78 1 #EPN 201B/01 $007-11-24 $t12:03:46.000 201C/01 $007-11-24 201U/01 $0utf8 203@/01 $0128197563X 208@/01 $a07-11-24 $be 209A/01 $a/ $f000 $x00 209A/01 $ab*p $x01 220C/01 $apgar 244Z/01 $#Ostmitteleuropa $#Ostmitteleuropa $#Mitteleuropa, Ost $#Central Europe Ostmitteleuropa $#Mittelosteuropa $74075753-5 $8--Tg1--Ostmitteleuropa $x05 $9085214485 247C/01 $82080>Marburg/Lahn, Herder-Institut, Forschungsbibliothek, Bibliographieportal $9336309341
| LEADER | 00000naa a2200000 c 4500 | ||
|---|---|---|---|
| 001 | 523295472 | ||
| 003 | DE-603 | ||
| 005 | 20241107120513.0 | ||
| 007 | cr|||||||||||| | ||
| 008 | 241107s2020 xx |||| o| u00||u|eng c | ||
| 035 | |a (DE-599)HEB523295472 | ||
| 040 | |a DE-603 |b ger |c DE-603 |d DE-603 |e rda | ||
| 041 | |a eng | ||
| 082 | 0 | 4 | |8 1\u |a 900.94370904 |q DE-101 |2 23/BSB |
| 085 | |8 1\u |b 900 | ||
| 085 | |8 1\u |z 1 |s 0904 | ||
| 085 | |8 1\u |z 2 |s 437 | ||
| 100 | 1 | |a Biti, Vladimir |d 1952- |e Verfasser |4 aut |0 (DE-603)154246417 |0 (DE-588)123293146 |2 gnd | |
| 245 | 0 | 0 | |a Post-imperial Europe: Integration through Disintegration |c Vladimir Biti |
| 264 | 0 | |c 2020 | |
| 336 | |a Text |b txt |2 rdacontent | ||
| 337 | |a Computermedien |b c |2 rdamedia | ||
| 338 | |a Online-Ressource |b cr |2 rdacarrier | ||
| 648 | 7 | |a Geschichte 1918-1940 |2 gnd | |
| 650 | 7 | |a Erster Weltkrieg |0 (DE-588)4079163-4 |0 (DE-603)085224588 |2 gnd | |
| 650 | 7 | |a Nachkriegszeit |0 (DE-588)4421423-6 |0 (DE-603)088659844 |2 gnd | |
| 650 | 7 | |a Internationaler Konflikt |0 (DE-588)4162071-9 |0 (DE-603)085714259 |2 gnd | |
| 650 | 7 | |a Desintegration |g Soziologie |0 (DE-588)4338880-2 |0 (DE-603)088142175 |2 gnd | |
| 650 | 7 | |a Nationalismus |0 (DE-588)4041300-7 |0 (DE-603)085113069 |2 gnd | |
| 651 | 7 | |a Ostmitteleuropa |0 (DE-588)4075753-5 |0 (DE-603)085214485 |2 gnd | |
| 773 | 0 | 8 | |i Enthalten in |t European review |d Cambridge : Cambridge Univ. Press, 1993- |h Online-Ressource |x 1474-0575 |g Band 28, Heft 1 (2020), Seite 62-75 |w (DE-603)098734202 |w (DE-600)2048671-6 |
| 856 | |u https://doi.org/10.1017/S1062798719000279 | ||
| 924 | 1 | |9 2080 |a (DE-603)128197563X |b DE-2080 |c HES |d d |g / | |


